[Event "VEN-ch U20"]
[Site "Maracay"]
[Date "2018.05.31"]
[Round "1"]
[White "Rivas Lugo, Jonathan Eliasib"]
[Black "Castro Silva, Moises Antonio"]
[Result "0-1"]
[WhiteElo "1210"]
[BlackElo "1812"]
[PlyCount "88"]
[EventDate "2018.05.31"]
[EventType "swiss"]
[EventRounds "7"]
[EventCountry "VEN"]
[SourceTitle "EXT 2019"]
[Source "ChessBase"]
[SourceDate "2018.10.10"]
[SourceVersion "1"]
[SourceVersionDate "2018.10.10"]
[SourceQuality "1"]

1. e4 c5 2. Nf3 e6 3. Nc3 Nc6 4. Bc4 g6 5. d4 Bg7 6. Be3 cxd4 7. Nxd4 Nge7 8. 0-0 a6 9. a3 0-0 10. Qd2 Qc7 11. Rad1 Nxd4 12. Bxd4 Qxc4 13. Bxg7 Kxg7 14. Rfe1 d5 15. exd5 Nxd5 16. Nxd5 exd5 17. Qxd5 Qxd5 18. Rxd5 Be6 19. Rd4 Rac8 20. c3 Rfd8 21. Red1 Rxd4 22. cxd4 Bb3 23. Rb1 Rd8 24. Rc1 Rxd4 25. h3 Rd1+ 26. Rxd1 Bxd1 27. f4 Kf6 28. Kf2 Ke6 29. Ke1 Ba4 30. Kd2 Kd5 31. g4 Ke4 32. f5 gxf5 33. gxf5 Kxf5 34. Kc3 Ke4 35. Kb4 f5 36. Kxa4 f4 37. b4 f3 38. b5 f2 39. bxa6 bxa6 40. Ka5 f1Q 41. a4 Qb1 42. Kxa6 Kd5 43. a5 Kc6 44. h4 Qb7# 0-1